Open Data Biblioteca Nacional de Portugal


República Portuguesa: Ministério da Cultura
Biblioteca Nacional de Portugal

Catálogo da BNP: acesso por Identificadores Unívocos
Registos Bibliográficos associados ao registo de autoridade

Etiqueta de registo: 00254nam 2200025 450
001 2286435
003 http://id.bnportugal.gov.pt/bib/catbnp/2286435
010 ## $a9789897902963
021 ## $aPT$b557388/26
100 ## $a20260515d2026 c y0pory01030103ba
101 0# $apor
102 ## $aPT
105 ## $aa z 000fy
106 ## $ar
200 1# $a O livro que se deixou ler$fHelena Vieira$gil. Gabriela Fial
205 ## $a1ª ed
210 #9 $aCarnaxide$cMeia Longa,$d2026
215 ## $a55, [3] p.$cil.$d21 cm
675 ## $a087.5$vBN$zpor$3287999
675 ## $a821.134.3-93"20"$vBN$zpor$31046482
700 #1 $aVieira,$bHelena,$f1972-$31887925
702 #1 $aFial,$bGabriela$4440$31998581
801 #0 $aPT$bBN$gRPC
966 ## $lBN$mFGMON$sP. 72823 V.$x1
971 ## $corlando$d20260515
973 ## $csteixeira$d20260528

OpendataBNP@bnportugal.pt | Mais informação sobre acesso aos dados BNP